01269nam a2200373 i 450000100060000000300090000600500170001500800390003201500170007104000280008804600090011608000080012508000070013308000100014010000450015024501060019525000150030126000600031630000610037633600270043733700540046433800280051838000160054638800140056250400400057665800340061665800300065065000230068065000160070365000180071965000140073771000460075185600980079725659KOSZ 00520200418132956.0070730s1971 pl a f 000 0 pol aPB 1972/1520 aWA NcWA NdKOSZ 005/RW k1969 a658 a62 a65.011 aCzermiński, Alfredd(1923-2011)eAutor10aZarys organizacji pracy i zarządzania w przedsiębiorstwie socjalistycznym /cAlfred Czermiński. aWydanie 2. aWarszawa :bPaństwowe Wydawnictwo Ekonomiczne,c1971. a289, [7] stron, [1] karta tablic :bilustracje ;c20 cm. aTekstbtxt2rdacontent aBez urządzenia pośredniczącegobn2rdamedia aWoluminbnc2rdacarrier aKsiążki a1901-2000 aBibliografia na stronach 285-[290]. aGospodarka, ekonomia, finanse aZarządzanie i marketing 4aPrzedsiębiorstwo 4aOrganizacja 4aZarządzanie 4aPrzemysł2 aPaństwowe Wydawnictwo Ekonomiczne4pbl. uhttp://koha.tu.koszalin.pl/cgi-bin/koha/opac-detail.pl?biblionumber=25659yKatalog online BPK